| 000 | 01949nam a22002417a 4500 | ||
|---|---|---|---|
| 005 | 20220211091349.0 | ||
| 008 | 220203b ||||| |||| 00| 0 eng d | ||
| 020 | _a 978-8184304206 | ||
| 040 | _cAL | ||
| 041 | _aeng | ||
| 082 |
_223 _a954.051 _bADVP |
||
| 100 |
_aL K Advani _919086 |
||
| 245 | _aPrisoner's Scrap Book | ||
| 260 |
_aNew Delhi _bOcean Books Pvt Ltd _c2002 |
||
| 300 |
_aviii,271p. _bHB _c24x19 cm. |
||
| 365 |
_b400.00 _c₹ _d400.00 |
||
| 520 | _aA prisoner scrap-book is a fascinating account of the unfolding of events of the emergency (1975-77) as seen from a prison house. Written in a simple and straightforward style embellished with anecdotes, this is not just one more prison diary. Nor does it attempt to theorize. In words that speak from the heart, the authority the President of a major Indian political party and how the country. Home minister—has recorded his thoughts and the events that took place on a day-to-day basis during his nineteen-month sojourn in the country fails. In his foreword to the book, former prime minister Shri Morarji Desai writes, “The Diary reveals a person of singular honesty and dedication, culture and equanimity. It depicts the burning faith with which he withstood the consequences of governmental trickery and his passion, as an editor for the freedom of the press and the mass-media.” The book also includes a collection of pro-democracy literature written by the author under a pseudonym and circulated in the underground conduits. The authors uncompromising commitment to democratic norms and values is reflected here, as well as his abiding faith in an open society and the Unfettered right of the people to pursue its ideals. A book which deserves to be read by all who value such ideals. | ||
| 650 |
_aPolitical Prisoners _916290 |
||
| 650 |
_aPolitiicians _916291 |
||
| 650 |
_aPolitics and Government _916292 |
||
| 700 |
_aADVANI (L K) _916293 |
||
| 942 |
_2ddc _cGF |
||
| 999 |
_c221411 _d221411 |
||